000 02124cam a22005417a 4500
001 4223
003 FISKH
005 20250619155543.0
008 121017s2011 nyuab j 000 1 eng d
010 _a 2012418536
020 _a9780545307437 (pbk.)
020 _a0545307430 (pbk.)
020 _a9780606229470
020 _a0606229477
020 _a9780329863371 (Follett bdg.)
020 _a0329863371
040 _aBTCTA
_beng
_cBTCTA
_dSPP
050 _aPZ7.M513164
082 _a853.92
100 _aStilton, Geronimo
130 0 _aMistero a Castelteschio.
_lEnglish.
245 1 0 _aMeet me in Horrorwood /
_c[text by] Geronimo Stilton ; [illustrations by Ivan Bigarella (pencils and inks) and Giorgio Campioni (color) ; translated by Lidia Tramontozzi].
260 _aNew York :
_bScholastic,
_c2011.
300 _a113 pages :
_billustrations ;
_c20 cm
490 0 _aCreepella Von Cacklefur ;
_vBook 2
505 _aN
520 _a"Something is wrong with Gorgo, the monster in the moat of Cacklefur Castle! Creepella discovers that he is lovesick for the monster Blobbina, who also happens to be a famous movie star. But when Creepella delivers Blobbina a love letter from Gorgo, she finds out Blobbina has disappeared! Creepella and Billy Squeakspeare head to Horrorwood to search for the missing Blobbina. Will they ever find her?"
521 0 _a540
_bLexile
521 1 _aN
_bRaz-Plus
650 0 _aWomen journalists
_vJuvenile fiction.
650 0 _aMice
_vJuvenile fiction.
650 0 _aMonsters
_vJuvenile fiction.
650 1 _aWomen journalists
_vFiction.
650 1 _aMice
_vFiction.
650 1 _aMonsters
_vFiction.
650 1 _aGhost stories.
650 4 _aActors
_vFiction.
650 4 _aHorror fiction.
650 7 _aMice
_vFiction.
_2sears
650 7 _aMonsters
_vFiction.
_2sears
655 7 _aHumorous fiction.
_2gsafd
655 7 _aMystery fiction.
_2gsafd
655 7 _aHorror fiction.
_2gsafd
700 1 _aBigarella, Ivan,
_d1984-
_eillustrator
906 _a7
_bcbc
_ccopycat
_d2
_encip
_f20
_gy-gencatlg
942 _2ddc
_cBK
_n0
999 _c4223
_d4223